Normal view
MARC view
- Korovkin, Pavel Petrovich, Edited Asha Ram Gairola
Entry Personal Name
001 - CONTROL NUMBER
- control field: 6613
003 - CONTROL NUMBER IDENTIFIER
- control field: JO-AjAnu
005 - DATE AND TIME OF LATEST TRANSACTION
- control field: 20230606071355.0
008 - FIXED-LENGTH DATA ELEMENTS
- fixed length control field: 230606|| aca||aabn | a|a d
040 ## - CATALOGING SOURCE
- Original cataloging agency: JO-AjAnu
- Transcribing agency: JO-AjAnu
100 ## - HEADING--PERSONAL NAME
- Personal name: Korovkin, Pavel Petrovich, Edited Asha Ram Gairola
670 ## - SOURCE DATA FOUND
- Source citation: Work cat.: (JO-AjAnu)3427: Korovkin, Pavel Petrovich, Edited Asha Ram Gairola, author, Korovkin,s Linear Operators and Approximation Theory: Authorized and Revised English Translation of the original Russian Monograph